Současnost sociálního podnikání v České republice a na Slovensku

Sociálne podnikanie a ciele sociálnej ekonomiky všeobecne a v legislatíve Slovenskej a Českej republiky. Rozloženie sociálnych podnikov v SR a ČR. Ekonomické a sociálne zámery a problematika zamestnávania znevýhodnených osôb.

Salvato in:
Dettagli Bibliografici
Autore principale: Asmalovskij, Alexandr
Altri autori: Sadílek, Tomáš
Natura: Capitolo di libro
Lingua:ceco
Soggetti:
Tags: Aggiungi Tag
Nessun Tag, puoi essere il primo ad aggiungerne!!

MARC

LEADER 00000naa a2200000 4500
001 0221626
005 20221019173608.1
041 0 |a cze 
044 |a SK 
245 1 0 |a Současnost sociálního podnikání v České republice a na Slovensku  |c Alexandr Asmalovskij, Tomáš Sadílek 
520 |a Sociálne podnikanie a ciele sociálnej ekonomiky všeobecne a v legislatíve Slovenskej a Českej republiky. Rozloženie sociálnych podnikov v SR a ČR. Ekonomické a sociálne zámery a problematika zamestnávania znevýhodnených osôb. 
610 2 0 |a politika sociálna 
610 2 0 |a ekonomika sociálna 
610 2 0 |a podnikanie sociálne 
610 2 0 |a zámery podnikateľské 
610 2 0 |a legislatíva 
610 2 0 |a Slovensko 
610 2 0 |a Česko 
100 1 |a Asmalovskij, Alexandr 
700 1 |a Sadílek, Tomáš